00930nam a2200217 a 450000100100000000500170001000800410002702000150006804000250008308200160010810000290012424000580015324501060021126000510031730000210036859000750038970000350046404900090049995201870050899900170069500003506620200930074100.0111024s1974 sp 000 0 spa d a8427002416 aDO-SdBNPbspacBNPHU axxxxbL489n1 aLefebvre, Georges96071310aLa naissance de l´historiographie modernelEspañol13aEl nacimiento de la historiografía moderna. /cGeorges Lefebvre ; traducción de Alberto Méndez. aBarcelona :bEdiciones Martínez Roca,c1974. a340 p. ;c21 cm. aPerteneció a la biblioteca personal de Juan Isidro Jimenes Grullón1 aMéndez, Alberto,etr.960714 aBNGR 001050718MOaGRbGRcCTd2011-10-24iLF1l0oxxxx L489np35066-10r2020-06-25w2020-06-25y1zPerteneció a la biblioteca personal de Juan Isidro Jimenes -GrullónZNo se presta c34557d34557